000 00780nas a2200253 4500
001 BR0200348
003 BR-BrBNA
005 20231205102612.0
007 ta
008 230509b bl.|||p| |||| 00| 00por d
040 _aBR-BrBNA
_bpor
_cBiblioteca Nacional de Agricultura
041 _a(Pt)
072 _aP33; P35
100 1 _aKindel, A.
100 1 _aGaray, I.
245 1 _aCaracterizacao de ecossistemas da Mata Atlantica de tabuleiros por meio das formas de humus
650 _aHumus
650 _aSolo
650 _aMateria Organica
650 _aFloresta Tropical
773 0 _tRevista Brasileira de Ciencia do Solo (Brazil)
_xISSN 0100-0683
_g(Jul-Dec 2001), v. 25(3) p. 551-563
_wBR0200348
909 _a202311
_bLúcia
_c55
_dLúcia Elande
942 _2AGRIS
_n0
_cANA
999 _c168384
_d168384